000 01615 a2200229 4500
001 63511
005 20260407155932.0
008 260407a1971 arg spa d
003 AR-UNSa-BCEJYS
040 _aAR-UNSa-BCEJYS
_bspa
_cAR-UNSa-BCEJYS
080 _a004.42
_xProgramación de ordenadores. Programas de ordenador
245 1 0 _aSistema moderno de procesamiento de datos
264 1 _aMéxico :
_bLimusa-Wiley
_c1971
300 _a387 p.
_c24 cm.
505 _a1. Alcance y significado del procesamiento de datos - 2. Historia del procesamiento de datos - 3. Organización comercia y fuentes de datos - 4. Procesamiento manual y mecánico de datos - 5. Registros unitarios con tarjetas perforadas - 6. Funciones de registro con tarjetas perforadas - 7. Funciones manipulativas de tarjetas perforadas - 8. Sumarización y reporte con tarjetas perforadas - 9. Desarrollo de procedimientos por medio de tarjetas perforadas - 10. Recolección de datos - 11. Procesamiento electrónico de datos: Introducción y dispositivos de entrada-salida - 12. Dispositivos de almacenamiento de PED - 13. Unidad central de procesamiento de un sistema de PED - 14. Desarrollo de programas de PED - 15. Sistemas de programación - 16. Lenguajes de programación orientados a problemas - 17. Operaciones de procesamiento electrónico de datos - 18. Comunicación de datos - 19. Computadoras y automatización - 20. Estudio y diseño de sistemas -
041 _aspa
942 _cBK
590 _aniveau_biblio:m niveau_hierar:0
100 1 _aArnold, Robert R.
700 1 _aHill, Harold C.
700 1 _aNichols, Aylmer V.
999 _c8196
_d8196